| 000 | 00712cac a2200181 a 4500 | ||
|---|---|---|---|
| 003 | CO-PeBPM | ||
| 005 | 20251209200034.0 | ||
| 008 | 231129s2017||||ck a||||||||||||| ||spa|| | ||
| 020 | _a9789587850581 | ||
| 040 |
_aCO-PeBPM _bspa _cCO-PeBPM _erda |
||
| 041 | _aspa | ||
| 082 | 0 | 4 |
_a(i) 741.59861 H559h _222 |
| 245 | 1 | 0 |
_aHéroes de mi pueblo _c/ Estudiantes beneficiados de los proyectos Vive la Educación y Territorios Narrados; ilustrado por Rafael Yocteng |
| 250 | _aEdición especial | ||
| 260 |
_aBogotá, Colombia _b : Ministerio de Educación Nacional : Ministerio de Cultura _c, 2017 |
||
| 300 |
_a[36] páginas _bilustraciones a color _c21 centimetros |
||
| 942 |
_2ddc _cBKS |
||
| 999 |
_c14992 _d14992 |
||